| 000 | 00736cab a22002175a 4500 | ||
|---|---|---|---|
| 001 | L156770 | ||
| 008 | 120712e20120707xxk 000 0 eng d | ||
| 035 | _a(Sirsi) u156770 | ||
| 041 | 0 | _aeng | |
| 100 | 1 | _aHarris, David | |
| 245 | 0 | 0 |
_aFocus _bLeisure |
| 260 | _c2012 | ||
| 490 |
_aEstates Gazette _v(1227) 7 July 2012, 65-79(12) |
||
| 520 | _aIncludes profiles of the continuing success of JD Wetherspoon and the gym sector which has seen the arrival of high-end and budget operators and asks whether hotel chain operators can successfully run boutique hotels. | ||
| 590 | _aKA | ||
| 651 | 4 | _aUnited Kingdom | |
| 690 |
_aCommercial property _96227 |
||
| 700 | 1 | _aSimmons, Mark | |
| 700 | 1 | _aPio Kivlehan, Noella | |
| 942 | _n0 | ||
| 999 |
_c84148 _d84148 |
||